| 000 | 00000nam##2200000za#4500 |
| 001 | 9.612949 |
| 003 | CaOODSP |
| 005 | 20211126112846 |
| 007 | ta |
| 008 | 150406|1996||||xxc||||| f|0| 0 eng|d |
| 020 | |a0-662-24416-8 |
| 022 | |a1192-5434 |
| 040 | |aCaOODSP|beng |
| 043 | |an-cn--- |
| 086 | 1 |aFB3-2/96-5E |
| 110 | 2 |aBank of Canada. |
| 245 | 12|aA distant-early-warning model of inflation based on M1 disequilibria / |cby Jamie Armour et al., Department of Monetary and Financial Analysis. |
| 260 | |aOttawa - Ontario : |bBank of Canada |c1996. |
| 300 | |ai, 17p. : |bgraphs, references, table ; |c28 cm. |
| 490 | 1 |aWorking paper|x1192-5434|v96-5 |
| 500 | |a"A vector error-correction model (VECM) that forecasts inflation between the current quarter and eight quarters ahead is found to provide significant leading information about inflation. The model focuses on the effects of deviations of M1 from its long-run demand but also includes, among other things, the influence of the exchange rate, a simple measure of the output gap and past prices."--Abstract. |
| 520 | 3 |aA vector error-correction model (VECM) that forecasts inflation between the current quarter and eight quarters ahead is found to provide significant leading information about inflation. The model focuses on the effects of deviations of M1 from its long-run demand but also includes, among other things, the influence of the exchange rate, a simple measure of the output gap and past prices.--Abstract |
| 546 | |aRésumés en français |
| 563 | |aSoftcover |
| 590 | |a96-18|b1996-05-03 |
| 690 | 07|aInflation|2gcpds |
| 720 | 1 |aArmour, Jamie |
| 776 | 0#|tA distant-early-warning model of inflation based on M1 disequilibria / |w(CaOODSP)9.571652 |
| 830 | #0|aWorking paper,|x1192-5434|v96-5|w(CaOODSP)9.514622 |